Disabilità e società (Record n. 336610)

Dettagli MARC
000 -LEADER
campo di controllo lung. fissa nam a22 7a 4500
003 - Identificatore del numero di controllo
campo di controllo IT-MiCISF
005 - Data e orario dell'ultima transazione
campo di controllo 20170411165915.0
008 - Elementi di lunghezza fissa--Informazione generale
campo di controllo lung. fissa 170411b xxu||||| |||| 00| 0 eng d
040 ## - Fonte della catalogazione
Agenzia che fa la trascrizione IT-MiCISF
041 ## - Codice di lingua
Codice di lingua del testo/traccia sonora o titolo separato it
100 ## - Accesso principale -- nome di persona
Nome di persona Shakespeare Tom
9 (RLIN) 56385
245 ## - Formulazione del titolo
Titolo Disabilità e società
Complemento del titolo Diritti, falsi miti, percezioni sociali
260 ## - Pubblicazione, distribuzione, ecc. (stampa)
Luogo di pubblicazione, distribuzione, ecc. Trento
Nome dell'editore, distributore, ecc. Erickson
Data di pubblicazione, distribuzione, ecc. 2017
300 ## - Descrizione fisica
Estensione pp. 239
500 ## - Nota generale
Nota generale handicap, società, politica, bioetica, diagnosi-prenatale, rapporti-sociali, sessualità
520 ## - Riassunto, ecc.
Nota di riassunto, ecc. Il volume fornisce un’ampia e aggiornata panoramica delle diverse concezioni maturate nell’ambito dei disability studies e presenta, argomentando con rigore metodologico e allo stesso tempo con un linguaggio chiaro e accessibile, la sua posizione: una visione “relazionale” della disabilità, intesa come il risultato dell’interazione tra fattori individuali e contestuali, fra cui rientrano menomazione, personalità, atteggiamenti individuali, ambiente, politica e cultura. Attraverso la lente della prospettiva socio-relazionale della disabilità, il volume si occupa anche di alcuni aspetti della vita delle persone disabili solitamente meno frequentati, in particolar modo in Italia: l’inizio e il fine vita, il ruolo dell’assistente personale, le relazioni amicali, la sessualità. Il volume si rivela dunque un prezioso strumento per tutti coloro che si interrogano sulla condizione delle persone disabili nella società odierna, senza timore di porsi anche le domande più scomode che riguardano i momenti cruciali dell’esistenza umana.
650 ## - Accesso aggiunto di soggetto--termine topico
Termine topico o nome geografico come accesso handicap
9 (RLIN) 56194
654 ## - Accesso aggiunto di soggetto--termini topici faccettati
Termine principale saggio
942 ## - Dati aggiuntivi (Koha)
Fonte della classificazione o dello schema di collocazione (segnatura) Dewey Decimal Classification
Tipo copia default (Koha) LIBRO
Dati di copia
Ritirato (status) Perso (status) Fonte della classificazione o dello schema di collocazione (segnatura) Danneggiato (status) Non per il presito Biblioteca proprietaria Biblioteca in cui si trova Data d'acquisizione Totale prestiti Collocazione Codice a barre Data ultima operazione Prezzo in vigore dal Tipo copia default (Koha)
    Dewey Decimal Classification Buone Condizioni Not For Loan CISF - Milano CISF - Milano 11/04/2017   b7322 9788859012450 11/04/2017 11/04/2017 LIBRO
CREDITS: SOCIETA' SAN PAOLO Via A.Severo, 58 - ROMA (RM) & PERIODICI SAN PAOLO SRL Via Giotto, 36 MILANO & CISF Via Giotto, 36 MILANO & EDIZIONI SAN PAOLO SRL,  Piazza Soncino, 5 CINISELLO BALSAMO (MI) -- ITALY